Größte Länder nach Fläche A-Z - Statistiken

Allgemein
  • Dieses Quiz wurde 207 mal gespielt
  • Das Durchschnittsergebnis liegt bei 17 aus 22
Antwortstatistiken
Fläche Land % Korrekt
C 9.596.960 China
99%
B 8.515.767 Brasilien
96%
A 7.692.024 Australien
95%
R 17.098.242 Russland
95%
I 3.166.414 Indien
92%
K 9.984.670 Kanada
92%
V 9.526.468 Vereinigte Staaten
91%
F 640.679 Frankreich
89%
H 112.492 Honduras
84%
D 2.344.858 Demokratische Republik Kongo
83%
O 309.500 Oman
83%
Z 622.984 Zentralafrikanische Republik
79%
J 527.968 Jemen
75%
M 1.964.375 Mexiko
73%
N 1.267.000 Niger
66%
L 1.759.540 Libyen
65%
P 1.285.216 Peru
61%
U 630.550 Ukraine
61%
S 2.149.690 Saudi-Arabien
55%
T 1.284.000 Tschad
48%
E 322.463 Elfenbeinküste
41%
G 267.667 Gabun
39%
Keine übereinstimmenden Quizze gefunden
Verteilung der Resultate
Anzahl Personen mit jedem Resultat
Perzentil nach korrekt beantworteten Fragen
Ihre Resultats-Entwicklung
Sie haben dieses Quiz noch nicht gespielt